000
00337nam a2200133Ia 4500
008
230411s9999 xx 000 0 und d
041
_a
eng
082
_a
AD/610.6/TNA/B00381
100
_a
TNAI
245
_a
Nursing Administration and Management
260
_b
TNAI
_a
New Delhi
_c
2000
300
_a
282p
999
_c
151857
_d
151857